Music Quiz

Random Music or Artist Quiz
Score 0/86 Timer 08:00
0 Plays Today
% Correct
Mark Tuan
100%
Min
97%
Jackson
95.8%
Jackson Wang
95.8%
Momo
95.6%
BamBam
95.4%
Mark
95%
Bang Chan
94.8%
JB
94.6%
Sana
94.6%
Jinyoung
94.4%
Mina
94.2%
Tzuyu
94.2%
Jihyo
93.8%
Nayeon
93.2%
Dahyun
92.6%
Felix
91.4%
Youngjae
90.6%
Yugyeom
90.6%
Jae
90%
Sunmi
89.6%
Chaeyoung
89.6%
Jeongyeon
88.4%
Suzy
86.3%
I.N
85.7%
Jimin
83.7%
Han
83.7%
Hyunjin
83.5%
Yeji
83.1%
% Correct
Woojin
82.7%
Lee Know
82.5%
Changbin
82.1%
Young K
81.9%
Wonpil
81.3%
Lia
81.1%
Ryujin
81.1%
Yuna
80.1%
Seungmin
79.5%
Chaeryeong
78.3%
Taecyeon
75.7%
Dowoon
75.5%
Fei
75.3%
HyunA
73.5%
Sungjin
73.5%
Jun. K
71.5%
Jun. K
71.5%
Jaebeom
71.1%
Nichkhun
68.5%
Nichkhun
68.5%
Junho
66.7%
Lee Junho
66.7%
Jia
65.5%
Yubin
64.7%
Wooyoung
63.3%
Jang Wooyoung
63.3%
Chansung
60.4%
Hwang Chansung
60.4%
J. Y. Park
59.4%
% Correct
Yerin
59%
Jo Kwon
53.8%
Yeeun
52.6%
Hyelim
46%
Sohee
42.6%
Baek A Yeon
42.6%
Changmin
40%
Junhyeok
37.6%
Sunye
36.3%
Seulong
32.5%
Joon Park
31.7%
Jinwoon
31.5%
Rain
30.5%
Joo
29.9%
Nakjoon
25.9%
Taewoo
20.9%
Danny
17.3%
G.Soul
15.5%
Hoyoung
14.3%
Woosung
12.2%
Park Jiyoon
12%
San E
10.8%
Kyunsung
9.8%
Byul
9.2%
Sungho
9%
Sanggon
8.8%
Lim Jeonghee
7.8%
Pearl
7.6%

You're not logged in!

Compare scores with friends on all Sporcle quizzes.
OR
Log In

Sporcle TV

Today on Sporcle TV


Watch our educational content, quiz creation guides, and fun videos on Sporcle TV.

Show Comments

Extras

Top Quizzes Today


Score Distribution

Paid Content

Your Account Isn't Verified!

In order to create a playlist on Sporcle, you need to verify the email address you used during registration. Go to your Sporcle Settings to finish the process.

Report this User

Report this user for behavior that violates our Community Guidelines.

Details: